Vista normal
Vista MARC
- Blanke, Helmut
Entrada Autor personal
Número de registros utilizados en: 1
001 - NUMERO DE CONTROL
- Campo de control: 667
003 - IDENTIFICADOR DE NUMERO DE CONTROL
- Campo de control: CO-MdFUSB
005 - HORA Y FECHA DE LA ULTIMA TRANSACCIÓN
- Campo de control: 20161027152301.0
008 - CAMPO DE LONGITUD FIJA
- Campo fijo de descripción fija: 930910n| acannaab| |n aaa |||
040 ## - AGENCIA DE CATALOGACIÓN ORIGINAL
- Agencia de catalogación original: DLC
- Agencia que hace la transcripción: CO-MdFUSB
- Lenguaje de catalogación: spa
100 10 - AUTOR PERSONAL
- Autor personal: Blanke, Helmut
370 ## - LUGARES ASOCIADOS
- País asociado: Alemania
373 ## - GRUPO ASOCIADO
- Grupo asociado: University of Basel, Switzerland
374 ## - OCUPACIÓN
- Ocupación: Pastor
377 ## - IDIOMA ASOCIADO
- Código del idioma: ger
670 ## - FUENTE EN LA QUE SE LOCALIZARON DATOS
- Fuente: Colossians, c1994:
- Fuente de información: CIP t.p. (Helmut Blanke)
